000 00414nam a2200145Ia 4500
008 100204s9999 xx 000 0 und d
082 _b7530
100 _aकदम अनंत
245 _aकॅन्सर
260 _b"डिंंंंप्ंाल पब्लिकेशन, वसई"
_c1982
300 _a350
630 _aकॅन्सर
730 _aकॅन्सर
942 _cBOOK
999 _c451966
_d451963